Cycling Hour Record Holders - Statistics

General Stats
  • This quiz has been taken 40 times
    35 since last reset
  • The average score is 5 of 38
Answer Stats
Year Distance (km) Name Country % Correct
2022 56.792 Filippo Ganna Italy
94%
1972 49.431 Eddy Merckx Belgium
75%
2019 55.089 Victor Campenaerts Belgium
75%
2015 54.526 Bradley Wiggins United Kingdom
69%
1942 45.798 Fausto Coppi Italy
38%
1956 46.159 Jacques Anquetil France
38%
2015 52.491 Rohan Dennis Australia
38%
2015 52.937 Alex Dowsett United Kingdom
28%
2000 49.441 Chris Boardman United Kingdom
25%
2014 51.110 Jens Voigt Germany
13%
2014 51.852 Matthias Brändle Austria
13%
1905 41.110 Lucien Petit-Breton France
9%
2005 49.700 Ondřej Sosenka Czech Republic
6%
1957 46.923 Roger Rivière France
6%
1959 47.347 Roger Rivière France
6%
1893 35.325 Henri Desgrange France
3%
1873 23.331 James Moore United Kingdom
3%
1912 42.360 Oscar Egg Switzerland
3%
1913 43.525 Oscar Egg Switzerland
3%
1914 44.247 Oscar Egg Switzerland
3%
1956 46.394 Ercole Baldini Italy
0%
1967 48.093 Ferdi Bracke Belgium
0%
1876 26.508 Frank Dodds United States
0%
1937 45.485 Frans Slaats Netherlands
0%
1935 45.090 Giuseppe Olmo Italy
0%
1882 32.454 Herbert Liddell Cortis United Kingdom
0%
1933 44.588 Jan Van Hout Netherlands
0%
1887 34.217 Jules Dubois Belgium
0%
1894 38.220 Jules Dubois Belgium
0%
1907 41.520 Marcel Berthet France
0%
1913 42.741 Marcel Berthet France
0%
1913 43.775 Marcel Berthet France
0%
1937 45.767 Maurice Archambaud France
0%
1933 44.777 Maurice Richard France
0%
1936 45.325 Maurice Richard France
0%
1968 48.653 Ole Ritter Denmark
0%
1897 39.240 Oscar Van den Eynde Belgium
0%
1898 40.781 Willie Hamilton Ireland
0%
No matching quizzes found
Score Distribution
Percent of People with Each Score
Percentile by Number Answered
Your Score History
You have not taken this quiz since the last reset